Регионална библиотека "Любен Каравелов" - Русе

Корабите (Запис номер 7140)

MARC детайли
000 -Лидер
Контролно поле с фиксирана дължина 01361nam a2200349 c 4500
003 - Код на организацията, давaща контролен номер
Контролно поле BLK
005 - Дата и час на последна редакция
Контролно поле 20201203172718.0
008 - Елементи от данни с фиксирана дължина
fixed length control field 180412b bul|||||r ||||||| ||bul||
010 ## - Наследен системен номер
LC control number KNG00008412000
020 ## - Международен стандартен номер на книга ISBN
Международен стандартен номер на книга ISBN 954-8163-36-5
040 ## - Източник на каталожния запис
Идентификатор на билиотеката - собственик на записа BLK
041 ## - Код за език
Код за езика на текст/звукозапис или на отделно заглавие Български
Код за езика КДБФ Български
080 ## - УДК
Текстов определител УДК Водни транспортни средства. Морски транспортни средства. Плавателни съдове. Кораби. Корабостроене
УДК код - определител по УДК 629.5
УДК - код + определител 629.5
100 1# - Редна дума - Автор
Автор Чонев, Чони
Авторска отговорност първи автор
R(LIN) 252230
139 ## - Редно поле
Редна дума Чонев, Чони
Авторски знак Чом - Ч 91
245 10 - Сведения за заглавието
Заглавие Корабите
Подзаглавни данни Научнопопул. четиво : Т. 1 -
Редно поле (дума) Чони Чонев.
Том Т. 1
Заглавие на том Ерата на греблата и платната
257 ## - Страна на издаване
Страна на създаване/издаване България
260 ## - Област на издателските данни
Година на издаване 1995 -
300 ## - Физическа характеристика
Размери/Мащаб 23 см
380 ## - Жанр
Жанр Техника
500 ## - Общи забележки
Забележка Офс. изд.
650 #4 - Допълнително описание по предмет – тема
Основно описание – тема или топоним Кораби
9 (RLIN) 159349
650 #4 - Допълнително описание по предмет – тема
Основно описание – тема или топоним Корабоплаване
9 (RLIN) 159415
650 #4 - Допълнително описание по предмет – тема
Основно описание – тема или топоним Корабостроене
9 (RLIN) 159429
653 ## - Ключова дума – ненормативна
Ключова дума кораби
760 1# - Описание на основната серия
Редна дума на основното описание Чонев, Чони
Място на издаване, издател и година Литера Прима, 1995
Страници - том 328 с. : с ил., табл., к.
Заглавие Т. 1 Ерата на греблата и платната
852 ## - Местоположение
Форматна сигнатура Цб 183444
856 4# - Електронен адрес и достъп
Електронен формат pdf - файл
Път до файла /url/
856 4# - Електронен адрес и достъп
Електронен формат pdf - файл
Път до файла /url/
999 ## - СИСТЕМНИ КОНТРОЛНИ НОМЕРА
Koha biblionumber 7140
Koha biblioitemnumber 7140
942 ## - АРТИКУЛИ
Вид на библиотечния материал Книги
Скрит в OPAC Не
Периодичен библиозапис Да
Koha issues (borrowed), all copies 1
944 ## - СЪЗДАВАНЕ И РЕДАКЦИЯ на ЗАПИСА
Създаване/Редакция Създаване
Дата на регистрацията/редакция 15.01.2003
Служител, извършил регистрацията/редакцията Кети_Илиева
944 ## - СЪЗДАВАНЕ И РЕДАКЦИЯ на ЗАПИСА
Създаване/Редакция Редакция
Дата на регистрацията/редакция 17.09.2011
999 ## - СИСТЕМНИ КОНТРОЛНИ НОМЕРА
Koha biblioitemnumber 7140
Наличности
Код за отписване Код за изгубен артикул Източник на класификационната схема Код за повреда Коз за рестрикции Код за отдаване Артикулен № Име на библиотеката - собственик Име на библиотеката, в която се намира в момента Статус (Текущо местоположение) Дата на вписване в системата Местоположение - отдел Цена в лева Инвентарен номер Систематично азбучна сигнатура Баркод Номер на екземпляра Цена в евро Служебна бележка Служебен тип на артикула
  Не е изгубен Universal Decimal Classification Не е повреден без рестрикции ползва се в читалня 12380 Регионална библиотека "Любен Каравелов" Русе Регионална библиотека "Любен Каравелов" Русе Хранилище 1995-01-01 Хранилище 3.15 614639 Цб 183444 120000614639 1 1.61 Дост: Dp Вид: Д N: 31 Дата: 01.01.1995 Книги
  Не е изгубен Universal Decimal Classification Не е повреден без рестрикции ползва се в читалня 12381 Регионална библиотека "Любен Каравелов" Русе Регионална библиотека "Любен Каравелов" Русе Читалня 1995-01-01 Читалня 3.15 614216 629.5/Ч 91 120000614216 2 1.61 Дост: Pk Вид: Ф N: стар фонд Дата: 01.01.1995 Дата инв: 24.03.2017 Бележки инв: Ч2017 Книги
  Не е изгубен Universal Decimal Classification Не е повреден без рестрикции заемане за дома 12382 Регионална библиотека "Любен Каравелов" Русе Регионална библиотека "Любен Каравелов" Русе Заемна - подръчен фонд 1995-01-01 Заемна - подръчен фонд 3.15 614217 629.5/Ч 91 120000614217 3 1.61 Дост: Pk Вид: Ф N: стар фонд Дата: 01.01.1995 Дата инв: 07.02.2018 Бележки инв: П2018 Книги
Vip Innovations Ltd, Rousse, Bulgaria 2025